Statistics for Countries of Europe With the Letter D

Click here to take the quiz!

General Stats

  • This quiz has been taken 80 times
  • The average score is 11 of 13

Answer Stats

Countries% Correct
Denmark
100%
Finland
95%
Iceland
93%
Ireland
92%
Netherlands
92%
Poland
91%
Andorra
88%
North Macedonia
86%
Sweden
86%
Switzerland
86%
United Kingdom
84%
Moldova
80%
Bosnia and
Herzegovina
66%

Score Distribution

Percentile by Number Answered

Percent of People with Each Score

Your Score History

You have not taken this quiz